Lubé, Doris: Sprechenlernen und Gebärden - Anleitung zum Artikulationunterricht gehörloser Kinder im Vorschulalter. [Vyučovanie reči a posunkový jazyk]. - Hamburg : Signum Verlag, 1991. - 265 s.

Bibliographic Details
Main Author: Guštafíková, Klaudia (Author)
Format: Article
Language:Slovak
Subjects:

MARC

LEADER 00000nab a2200000 a 4500
001 vtls001504352
003 SK-MaSNL
005 20260304182256.0
008 250505s1997 xo 000 0 slo
035 |a SPKCL6679 
035 |a (urnnbn)urn:nbn:sk:snk:ar-a07m3k 
035 |a (uuid)5d28f7bb-2427-422d-b23f-ac8fd4f7536d 
035 |a urn:nbn:sk:snk-ab8a45 
040 |a SNKBUCL  |b slo  |c SNKBUCL  |e AACR2 
041 0 |a slo 
044 |a xo  |c SK 
080 |a 376.33  |2 1981 
100 1 |a Guštafíková, Klaudia  |4 aut  |9 20738 
245 1 0 |a Lubé, Doris: Sprechenlernen und Gebärden - Anleitung zum Artikulationunterricht gehörloser Kinder im Vorschulalter. [Vyučovanie reči a posunkový jazyk]. - Hamburg : Signum Verlag, 1991. - 265 s.  |c Klaudia Guštafíková 
650 0 7 |a sluchovo postihnutí  |2 SNKPH  |9 29680 
650 0 7 |a posunková reč  |2 SNKPH  |9 66575 
650 0 7 |a nepočujúce deti  |2 SNKPH  |9 1081 
650 0 7 |a surdopédia  |2 SNKPH  |9 69238 
773 0 |t Efeta - otvor sa  |g Roč. 7, č. 4 (1997), s. 24-25 
787 0 8 |i Rec.:  |a Lubé, Doris  |t Sprechenlernen und Gebärden - Anleitung zum Artikulationunterricht gehörloser Kinder im Vorschulalter  |d Hamburg : Signum Verlag, 1991 
850 |a Slovenská národná knižnica 
852 |a Slovenská národná knižnica 
954 |a odborná, vedecká literatúra pôvodná (slovenská)  |2 lita 
958 |a article9 
958 |a OND 
958 |a EUIPO 
999 |c 3028430  |d 3030360